Welcome to the Holygrace Academy Library

Please use search bar below to get started

VIDHAVAKALUDE GRAMAM (Record no. 5022)

MARC details
000 -LEADER
fixed length control field 00290nam a22001337a 4500
082 ## - DEWEY DECIMAL CLASSIFICATION NUMBER
Classification number 894.812.3
Item number RAM/V
100 ## - MAIN ENTRY--AUTHOR NAME
Personal name RAMACHANDRAN, SREEKUMARI
245 ## - TITLE STATEMENT
Title VIDHAVAKALUDE GRAMAM
260 ## - PUBLICATION, DISTRIBUTION, ETC. (IMPRINT)
Place of publication ALUVA
Name of publisher PEN BOOKS LTD
Year of publication 1999
300 ## - PHYSICAL DESCRIPTION
Number of Pages 126
520 ## - SUMMARY, ETC.
Summary, etc NOVEL
650 ## - SUBJECT ADDED ENTRY--TOPICAL TERM
Topical Term NOVEL
942 ## - ADDED ENTRY ELEMENTS (KOHA)
Koha item type Books
Holdings
Withdrawn status Lost status Collection code Home library Current library Shelving location Date acquired Source of acquisition Cost, normal purchase price Full call number Accession Number Koha item type
    Fiction Main Library Main Library SHELF-16- J- MALAYALAM NOVELS,FICTIONS 12/01/2006 Purchase 55.00 894.812.3 RAM/V 01956 Books